000 00655nam a2200229 i 4500
001 C2-0229501
003 PPAK
005 20180728160232.0
008 001003s1983 my |||| ||||| | eng d
040 _aPPAK
_beng
_cPPAK
_erda
082 0 4 _a155.25004992
_223
090 0 0 _a155.25004992
_bMOH
_dG
090 0 0 _a155.25004992
_bMOH
_dKSI
100 0 _aMohd. Aris Hj. Othman,
_eauthor
245 1 4 _aThe dynamics of malay identity
264 1 _aKuala Lumpur :
_bUniversiti Kebangsaan Malaysia ,
_c1983
300 _a62 pages ;
_c23 cm
336 _2rdacontent
_atext
337 _2rdamedia
_aunmediated
338 _2rdacarrier
_avolume
942 _ddc
_cB
999 _c149109
_d149109